| 000 | 00720nam a2200181 i 4500 | ||
|---|---|---|---|
| 001 | 34730 | ||
| 003 | ES-MaACL | ||
| 005 | 20230906155003.0 | ||
| 007 | t| | ||
| 008 | 030207s1903 sp ||||1| spa d | ||
| 100 | 1 |
_aBonilla y San Martín, Adolfo, _d1875-1926 _930193 |
|
| 245 | 1 | 0 |
_aLuis Vives y la Filosofía del Renacimiento _b: memoria presentada por la Real Academia de Ciencias Morales y Políticas / _cEscrita por Adolfo Bonilla y San Martín. |
| 260 |
_aMadrid : _b[s.n., _c1903] ( _fImprenta del Asilo de Huérfanos del S. C. de Jesús) |
||
| 300 |
_a818 p. ; _c28 cm. |
||
| 710 | 2 |
_aReal Academia de Ciencias Morales y Políticas (España) _96299 |
|
| 852 |
_aES-MaACL _jG-7335 |
||
| 999 |
_c34730 _d34730 |
||